000 00750aab a2200217 4500
001 768714001
003 CO-MdFUSB
005 20240612145403.0
008 170522s1998 cr ||||| |||| 00| 0 spa d
022 _a1409-1968
040 _aCO-MdFUSB
_bspa
_cCO-MdFUSB
_dCO-MdFUSB
041 _aspa
100 1 _aPeterson, Eugenio H.
_eautor
245 1 0 _aCuarteto de pascua
_c/ Eugenio H. Peterson
300 _aVolumen 16. Número 2 (1999), páginas 52-55
_c: 27 cm.
520 _aLa adoración, dice Mateo, es la respuesta más apropiada para la resurrección.
650 7 _aResurrección
_9214
773 0 _tApuntes Pastorales
_049442
_960166
_gVolumen 16. Numero 2 (ene. - mar., 1999), páginas 52-55
_qPágina 52
942 _cANA
945 _aJTF-925
999 _c59572
_d59572